Trivia Trail - Famous Actors - Statistics

General Stats
  • This quiz has been taken 57 times
  • The average score is 11 of 30
Answer Stats
Hint Answer % Correct
Edward Scissorhands, Captain Jack Sparrow Johnny Depp
96%
Forrest Gump, Woody Tom Hanks
84%
James Bond, Detective Benoit Blanc Daniel Craig
70%
Gisele Yashar, Wonder Woman Gal Gadot
64%
Legolas, Will Turner Orlando Bloom
60%
Jules Winnfield, Nick Fury Samuel L. Jackson
58%
Ellis "Red" Redding, God Morgan Freeman
56%
Michael Corleone, Benjamin "Lefty" Ruggiero Al Pacino
54%
Vito Corleone, Jake LaMotta Robert de Niro
54%
Peter Parker, Nathan Drake Tom Holland
54%
Obi-Wan Kenobi, Christopher Robin Ewan McGregor
50%
The Penguin, Harry Wormwood Danny DeVito
48%
Frodo Baggins, Mumble Elijah Wood
48%
Doogie Howser, Barney Stinson Neil Patrick Harris
46%
Officer K, Ken Ryan Gosling
44%
DCI John Luther, Knuckles Idris Elba
36%
Hansel McDonald, Lightning McQueen Owen Wilson
36%
Emily Charlton, Kitty Oppenheimer Emily Blunt
30%
Mr. Pink, Randall Boggs Steve Buscemi
24%
Hallie Parker / Annie James, Cady Heron Lindsay Lohan
18%
Cameron Poe, Benjamin Franklin Gates Nicolas Cage
18%
Tori Vega, Shelby Marx Victoria Justice
18%
Mia Dolan, Bella Baxter Emma Stone
12%
Remy "Thirteen" Hadley, Ella Swenson Olivia Wilde
8%
Elena Gilbert, Candace Kelmeckis Nina Dobrev
6%
Chief Inspector Uhl, Paul Hunham Paul Giamatti
4%
Margot Mary Wendice, Princess Alexandra Grace Kelly
2%
Shannon Reed, Myrtle Wilson Isla Fisher
2%
Nate Gray, Jefferson "Seaplane" McDonough Nick Jonas
2%
William "Wild Bill" Wharton, Officer Jason Dixon Sam Rockwell
0%
No matching quizzes found
Score Distribution
Percent of People with Each Score
Percentile by Number Answered
Your Score History
You have not taken this quiz